000 00307 a2200109 4500
001 ART_17918
005 20260410161655.0
008 260409a
245 1 0 _aRégimen de facilidades de pago
100 1 _aBaldo, Alberto
773 0 _tPráctica profesional
_g- Nº 110 (ene. 2010)
_wREV542
999 _c14673
_d14673